Hiến pháp nước Cộng hoà xã hội chủ nghĩa Việt Nam

Trình bày nội dung Hiến pháp nước Cộng hoà xã hội chủ nghĩa Việt Nam: quy định về chế độ chính trị; quyền con người, quyền và nghĩa vụ cơ bản của công dân; kinh tế, xã hội, văn hóa, giáo dục, khoa học, công nghệ và môi trường; bảo vệ T...

Description complète

Enregistré dans:
Détails bibliographiques
Format: Livre
Langue:Vietnamese
Publié: H. Chính trị Quốc gia sự thật 2024
Sujets:
Tags: Ajouter un tag
Pas de tags, Soyez le premier à ajouter un tag!
Thư viện lưu trữ: Thư viện Trường Đại học Nam Cần Thơ
LEADER 01459nam a22001937a 4500
001 NCT_4_025375
008 250712b xxu||||| |||| 00| 0 vie d
999 |c 9252  |d 9252 
020 |a 9786045798904  |c 28000 
082 0 4 |2 23rd ed.  |a 342.023  |b H305 
245 0 0 |a Hiến pháp nước Cộng hoà xã hội chủ nghĩa Việt Nam 
260 |a H.  |b Chính trị Quốc gia sự thật  |c 2024 
300 |a 92 tr.  |c 18 cm 
520 3 |a Trình bày nội dung Hiến pháp nước Cộng hoà xã hội chủ nghĩa Việt Nam: quy định về chế độ chính trị; quyền con người, quyền và nghĩa vụ cơ bản của công dân; kinh tế, xã hội, văn hóa, giáo dục, khoa học, công nghệ và môi trường; bảo vệ Tổ quốc; Quốc hội; Chủ tịch nước; Chính phủ; Tòa án nhân dân; Viện kiểm sát nhân dân; chính quyền địa phương; Hội đồng bầu cử quốc gia, Kiểm toán nhà nước; hiệu lực của Hiến pháp và việc sửa đổi Hiến pháp. 
653 |a Luật học 
655 7 |a Văn bản pháp luật 
942 |2 ddc  |c BK 
952 |0 0  |1 0  |2 ddc  |4 0  |6 342_023000000000000_H305  |7 0  |9 31280  |a 000001  |b 000001  |d 2025-07-12  |o 342.023 H305  |p MD.24324  |r 2025-07-12  |v 28000.00  |w 2025-07-12  |y BK 
980 |a Thư viện Trường Đại học Nam Cần Thơ